01274nam a22003134a 4500001001200000003000800012006001900020007001500039008004100054010001700095020001500112040002100127035002000148050002600168082001600194245008500210260006400295300002600359490006200385504006400447533015200511650002500663655002900688700002000717710001700737830006300754856012600817999001700943ebr10070340CaPaEBRm u cr cn|||||||||020325s2003 enka sb 001 0 eng  z 2002025666 z0521803381 aCaPaEBRcCaPaEBR a(OCoLC)7074728914aQA171.5b.C675 2003eb04a511.3/322100aContinuous lattices and domainsh[electronic resource] /cG. Gierz ... [et al.]. aCambridge ;aNew York :bCambridge University Press,c2003. axxxvi, 591 p. :bill.1 aEncyclopedia of mathematics and its applications ;vv. 93 aIncludes bibliographical references (p. 523-567) and index. aElectronic reproduction.bPalo Alto, Calif. :cebrary,d2013.nAvailable via World Wide Web.nAccess may be limited to ebrary affiliated libraries. 0aContinuous lattices. 7aElectronic books.2local1 aGierz, Gerhard.2 aebrary, Inc. 0aEncyclopedia of mathematics and its applications ;vv. 93.40uhttp://site.ebrary.com/lib/rucke/Doc?id=10070340zAn electronic book accessible through the World Wide Web; click to view c43021d43021